All Pokémon Abilities - Statistics

General Stats
  • This quiz has been taken 57 times
  • The average score is 194 of 306
Answer Stats
Ability Generation Introduced Description % Correct
Drizzle III The Pokémon makes it rain when it enters a battle.
94%
Flame Body III Contact with the Pokémon may burn the attacker.
94%
Intimidate III Lowers the foe's Attack stat.
94%
Levitate III Gives immunity to Ground type moves.
94%
Lightning Rod III Draws in all Electric-type moves to up Sp. Attack.
94%
Swift Swim III Boosts the Pokémon's Speed in rain.
94%
Chlorophyll III Boosts the Pokémon's Speed in sunshine.
90%
Clear Body III Prevents other Pokémon from lowering its stats.
90%
Drought III Turns the sunlight harsh when the Pokémon enters a battle.
90%
Guts III Boosts Attack if there is a status problem.
90%
Soundproof III Gives immunity to sound-based moves.
90%
Static III Contact with the Pokémon may cause paralysis.
90%
Swarm III Powers up Bug-type moves in a pinch.
90%
Truant III Pokémon can't attack on consecutive turns.
90%
Wonder Guard III Only supereffective moves will hit.
90%
Arena Trap III Prevents the foe from fleeing.
87%
Damp III Prevents the use of self-destructing moves.
87%
Disguise VII Avoids damage for one turn.
87%
Minus III Ups Sp. Atk if another Pokémon has Plus or Minus.
87%
Overgrow III Powers up Grass-type moves in a pinch.
87%
Pickup III The Pokémon may pick up items.
87%
Plus III Ups Sp. Atk if another Pokémon has Plus or Minus.
87%
Prankster V Gives priority to a status move.
87%
Slow Start IV Temporarily halves Attack and Speed.
87%
Sturdy III It cannot be knocked out with one hit.
87%
Thick Fat III Ups resistance to Fire- and Ice-type moves.
87%
Water Absorb III Restores HP if hit by a Water-type move.
87%
Blaze III Powers up Fire-type moves in a pinch.
84%
Flash Fire III It powers up Fire-type moves if it's hit by one.
84%
Insomnia III Prevents the Pokémon from falling asleep.
84%
Poison Point III Contact with the Pokémon may poison the attacker.
84%
Pressure III The Pokémon raises the foe's PP usage.
84%
Protean VI Changes the Pokémon's type to its last used move.
84%
Rivalry IV Deals more damage to a Pokémon of same gender.
84%
Sand Stream III The Pokémon summons a sandstorm in battle.
84%
Snow Warning IV The Pokémon summons a hailstorm in battle.
84%
Speed Boost III Its Speed stat is gradually boosted.
84%
Torrent III Powers up Water-type moves in a pinch.
84%
Volt Absorb III Restores HP if hit by an Electric-type move.
84%
Aftermath IV Damages the attacker landing the finishing hit.
81%
Air Lock III Eliminates the effects of weather.
81%
Anticipation IV Senses a foe's dangerous moves.
81%
Contrary V Makes stat changes have an opposite effect.
81%
Cursed Body V May disable a move used on the Pokémon.
81%
Defiant V Sharply raises Attack when the Pokémon's stats are lowered.
81%
Dry Skin IV Reduces HP if it is hot. Water restores HP.
81%
Mold Breaker IV Moves can be used regardless of Abilities.
81%
Moxie V Boosts Attack after knocking out any Pokémon.
81%
Normalize IV All the Pokémon's moves become the Normal type.
81%
Pixilate VI Turns Normal-type moves into Fairy-type moves.
81%
Rain Dish III The Pokémon gradually regains HP in rain.
81%
Rock Head III Protects the Pokémon from recoil damage.
81%
Rough Skin III Inflicts damage to the attacker on contact.
81%
Sand Veil III Boosts the Pokémon's evasion in a sandstorm.
81%
Scrappy IV Enables moves to hit Ghost-type Pokémon.
81%
Shadow Tag III Prevents the foe from escaping.
81%
Unnerve V Makes the foe nervous and unable to eat Berries.
81%
Aerilate VI Turns Normal-type moves into Flying-type moves.
77%
Anger Point IV Maxes Attack after taking a critical hit.
77%
Color Change III Changes the Pokémon's type to the foe's move.
77%
Cute Charm III Contact with the Pokémon may cause infatuation.
77%
Dancer VII Copies the foe's Dance moves.
77%
Effect Spore III Contact may poison or cause paralysis or sleep.
77%
Electric Surge VII The Pokémon creates an Electric Terrain when it enters a battle.
77%
Frisk IV The Pokémon can check a foe's held item.
77%
Grassy Surge VII The Pokémon creates a Grassy Terrain when it enters a battle.
77%
Huge Power III Raises the Pokémon's Attack stat.
77%
Illusion V Enters battle disguised as the last Pokémon in the party.
77%
Iron Fist IV Boosts the power of punching moves.
77%
Limber III The Pokémon is protected from paralysis.
77%
Magic Bounce V Reflects status- changing moves.
77%
Moody V Raises one stat and lowers another.
77%
Multiscale V Reduces damage when HP is full.
77%
Neutralizing Gas VIII Neutralizes abilities of all Pokémon in battle.
77%
No Guard IV Ensures attacks by or against the Pokémon land.
77%
Parental Bond VI Allows the Pokémon to attack twice.
77%
Protosynthesis IX Raises highest stat in harsh sunlight, or if holding Booster Energy.
77%
Regenerator V Restores a little HP when withdrawn from battle.
77%
Sap Sipper V Boosts Attack when hit by a Grass-type move.
77%
Schooling VII Changes Wishiwashi to School Form.
77%
Shell Armor III The Pokémon is protected against critical hits.
77%
Snow Cloak IV Raises evasion in a hailstorm.
77%
As One VIII Combines Unnerve and Chilling Neigh/Grim Neigh
74%
Corrosion VII The Pokémon can poison Steel and Poison types.
74%
Defeatist V Lowers stats when HP drops below half.
74%
Early Bird III The Pokémon awakens quickly from sleep.
74%
Emergency Exit VII Switches out when HP falls below 50%.
74%
Friend Guard V Reduces damage done to allies.
74%
Harvest V May create another Berry after one is used.
74%
Imposter V It transforms itself into the Pokémon it is facing.
74%
Inner Focus III The Pokémon is protected from flinching.
74%
Keen Eye III Prevents other Pokémon from lowering accuracy.
74%
Magic Guard IV Protects the Pokémon from indirect damage.
74%
Magnet Pull III Prevents Steel-type Pokémon from escaping.
74%
Misty Surge VII The Pokémon creates a Misty Terrain when it enters a battle.
74%
Mummy V Contact with this Pokémon spreads this Ability.
74%
Poison Heal IV Restores HP if the Pokémon is poisoned.
74%
Psychic Surge VII The Pokémon creates a Psychic Terrain when it enters a battle.
74%
Run Away III Enables a sure getaway from wild Pokémon.
74%
Sand Rush V Boosts the Pokémon's Speed in a sandstorm.
74%
Serene Grace III Boosts the likelihood of added effects appearing.
74%
Simple IV Doubles all stat changes.
74%
Slush Rush VII Boosts the Pokémon's Speed stat in a hailstorm.
74%
Storm Drain IV Draws in all Water-type moves to up Sp. Attack.
74%
Synchronize III Passes a burn, poison, or paralysis to the foe.
74%
Unaware IV Ignores any stat changes in the Pokémon.
74%
Bad Dreams IV Reduces a sleeping foe's HP.
71%
Battle Bond VII Transform into Ash-Greninja after causing opponent to faint.
71%
Bulletproof VI Protects the Pokémon from ball and bomb moves.
71%
Cloud Nine III Eliminates the effects of weather.
71%
Delta Stream VI Creates strong winds when the ability activates.
71%
Fairy Aura VI Raises power of Fairy type moves for all Pokémon in battle.
71%
Gale Wings VI Gives priority to Flying-type moves.
71%
Gluttony IV Encourages the early use of a held Berry.
71%
Good as Gold IX Gives immunity to status moves.
71%
Heavy Metal V Doubles the Pokémon's weight.
71%
Honey Gather IV The Pokémon may gather Honey from somewhere.
71%
Hustle III Boosts the Attack stat, but lowers accuracy.
71%
Ice Body IV The Pokémon gradually regains HP in a hailstorm.
71%
Iron Barbs V Inflicts damage to the Pokémon on contact.
71%
Justified V Raises Attack when hit by a Dark-type move.
71%
Klutz IV The Pokémon can't use any held items.
71%
Light Metal V Halves the Pokémon's weight.
71%
Oblivious III Prevents it from becoming infatuated.
71%
Primordial Sea VI Makes it rain heavily when the ability activates.
71%
Pure Power III Raises the Pokémon's Attack stat.
71%
Sheer Force V Removes added effects to increase move damage.
71%
Sniper IV Powers up moves if they become critical hits.
71%
Solar Power IV In sunshine, Sp. Atk is boosted but HP decreases.
71%
Stench III The stench may cause the target to flinch.
71%
Sticky Hold III Protects the Pokémon from item theft.
71%
Strong Jaw VI Boosts the power of biting moves.
71%
Technician IV Powers up the Pokémon's weaker moves.
71%
Trace III The Pokémon copies a foe's Ability.
71%
Beast Boost VII The Pokémon boosts its most proficient stat each time it knocks out a Pokémon.
68%
Commander IX Goes inside the mouth of an ally Dondozo if one is on the field.
68%
Competitive VI Sharply raises Special Attack when the Pokémon's stats are lowered.
68%
Earth Eater IX Restores HP when hit by a Ground-type move.
68%
Forecast III Castform transforms with the weather.
68%
Grim Neigh VIII Boosts Special Attack after knocking out a Pokémon.
68%
Healer V May heal an ally's status conditions.
68%
Liquid Ooze III Damages attackers using any draining move.
68%
Liquid Voice VII All sound-based moves become Water-type moves.
68%
Natural Cure III All status problems heal when it switches out.
68%
Orichalcum Pulse IX Turns the sunlight harsh when entering battle, and boosts Attack while active.
68%
Poison Touch V May poison targets when a Pokémon makes contact.
68%
Reckless IV Powers up moves that have recoil damage.
68%
Refrigerate VI Turns Normal-type moves into Ice-type moves.
68%
Sand Force V Boosts certain moves' power in a sandstorm.
68%
Unburden IV Raises Speed if a held item is used.
68%
Water Bubble VII Halves damage from Fire-type moves, doubles power of Water-type moves used, and prevents burns.
68%
Weak Armor V Physical attacks lower Defense and raise Speed.
68%
Wimp Out VII Switches out when HP drops below half.
68%
Adaptability IV Powers up moves of the same type.
65%
Cheek Pouch VI Restores additional HP when a Berry is consumed.
65%
Comatose VII The Pokémon is always asleep but can still attack.
65%
Dark Aura VI Raises power of Dark type moves for all Pokémon in battle.
65%
Desolate Land VI Turns the sunlight extremely harsh when the ability activates.
65%
Download IV Adjusts power according to a foe's defenses.
65%
Fluffy VII Halves damage from contact moves, but doubles damage from Fire-type moves.
65%
Gooey VI Contact with the Pokémon lowers the attacker's Speed stat.
65%
Hydration IV Heals status problems if it is raining.
65%
Infiltrator V Passes through the foe's barrier and strikes.
65%
Libero VIII Changes the Pokémon's type to its last used move.
65%
Marvel Scale III Ups Defense if there is a status problem.
65%
Mycelium Might IX Status moves go last, but are not affected by the opponent's ability.
65%
Seed Sower IX Turns the ground into Grassy Terrain when the Pokémon is hit by an attack.
65%
Sharpness IX Boosts the power of slicing moves.
65%
Skill Link IV Increases the frequency of multi-strike moves.
65%
Stamina VII Raises Defense when attacked.
65%
Steadfast IV Raises Speed each time the Pokémon flinches.
65%
Super Luck IV Heightens the critical-hit ratios of moves.
65%
Battle Armor III The Pokémon is protected against critical hits.
61%
Chilling Neigh VIII Boosts Attack after knocking out a Pokémon.
61%
Long Reach VII The Pokémon uses its moves without making contact with the target.
61%
Magician VI The Pokémon steals the held item of a Pokémon it hits with a move.
61%
Motor Drive IV Raises Speed if hit by an Electric-type move.
61%
Multitype IV Changes type to match the held Plate.
61%
Quark Drive IX Raises highest stat on Electric Terrain, or if holding Booster Energy.
61%
Quick Feet IV Boosts Speed if there is a status problem.
61%
Solid Rock IV Reduces damage from super-effective attacks.
61%
Tangled Feet IV Raises evasion if the Pokémon is confused.
61%
Tough Claws VI Boosts the power of contact moves.
61%
Turboblaze V Moves can be used regardless of Abilities.
61%
Zero to Hero IX Transforms into its Hero Form when switching out.
61%
Analytic V Boosts move power when the Pokémon moves last.
58%
Anger Shell IX Lowers Defense/Sp. Def and raises Attack/Sp. Atk/Speed when HP drops below half.
58%
Dragon's Maw VIII Powers up Dragon-type moves.
58%
Hadron Engine IX Creates an Electric Terrain when entering battle, and boosts Special Attack while active.
58%
Immunity III Prevents the Pokémon from getting poisoned.
58%
Lingering Aroma IX Contact changes the attacker's Ability to Lingering Aroma.
58%
Merciless VII The Pokémon's attacks become critical hits if the target is poisoned.
58%
Overcoat V Protects the Pokémon from weather damage.
58%
Punk Rock VIII Boosts sound-based moves and halves damage from the same moves.
58%
RKS System VII Changes type depending on held item.
58%
Sand Spit VIII Creates a sandstorm when hit by an attack.
58%
Steam Engine VIII Drastically raises Speed when hit by a Fire- or Water-type move.
58%
Tinted Lens IV Powers up “not very effective” moves.
58%
Vital Spirit III Prevents the Pokémon from falling asleep.
58%
Aura Break VI Reduces power of Dark- and Fairy-type moves.
55%
Beads of Ruin IX Lowers Special Defense of all Pokémon except itself.
55%
Compound Eyes III The Pokémon's accuracy is boosted.
55%
Dauntless Shield VIII Boosts Defense in battle.
55%
Dazzling VII Protects the Pokémon from high-priority moves.
55%
Filter IV Reduces damage from super-effective attacks.
55%
Flower Gift IV Powers up party Pokémon when it is sunny.
55%
Forewarn IV Determines what moves a foe has.
55%
Fur Coat VI Reduces damage from physical moves.
55%
Galvanize VII Normal-type moves become Electric-type moves and their power boosted.
55%
Illuminate III Raises the likelihood of meeting wild Pokémon.
55%
Intrepid Sword VIII Boosts Attack in battle.
55%
Leaf Guard IV Prevents problems with status in sunny weather.
55%
Mega Launcher VI Boosts the power of aura and pulse moves.
55%
Queenly Majesty VII Prevents use of priority moves.
55%
Rattled V Bug, Ghost or Dark type moves scare it and boost its Speed.
55%
Shed Skin III The Pokémon may heal its own status problems.
55%
Stance Change VI Changes form depending on moves used.
55%
Sword of Ruin IX Lowers Defense of all Pokémon except itself.
55%
Telepathy V Anticipates an ally's attack and dodges it.
55%
Toxic Boost V Powers up physical attacks when poisoned.
55%
Unseen Fist VIII Contact moves can strike through Protect/Detect.
55%
Wind Rider IX Takes no damage from wind moves, and boosts Attack if hit by one.
55%
Berserk VII Raises Special Attack when HP drops below half.
52%
Hospitality IX Partially restores an ally's HP when it enters a battle.
52%
Hunger Switch VIII Changes forms each turn.
52%
Hyper Cutter III Prevents other Pokémon from lowering Attack stat.
52%
Ice Face VIII Avoids damage from Physical moves for one turn.
52%
Own Tempo III Prevents the Pokémon from becoming confused.
52%
Perish Body VIII When hit by a move that makes direct contact, the Pokémon and the attacker will faint after three turns unless they switch out of battle.
52%
Poison Puppeteer IX Poisoned Pokémon also become confused.
52%
Stall IV The Pokémon moves after all other Pokémon do.
52%
Teravolt V Moves can be used regardless of Abilities.
52%
Toxic Debris IX Scatters poison spikes at the feet of the opposing team when the Pokémon takes damage from physical moves.
52%
Water Veil III Prevents the Pokémon from getting a burn.
52%
Well-Baked Body IX Immune to Fire-type moves, and Defense is sharply boosted.
52%
Wind Power IX Doubles power of the next Electric-type move used, when hit by a wind move.
52%
Armor Tail IX Prevents opponent using priority moves.
48%
Ball Fetch VIII Retrieves a Poké Ball from a failed throw.
48%
Big Pecks V Protects the Pokémon from Defense-lowering attacks.
48%
Electromorphosis IX Doubles power of the next Electric-type move when hit by an attack.
48%
Flare Boost V Powers up special attacks when burned.
48%
Flower Veil VI Prevents lowering of ally Grass-type Pokémon's stats.
48%
Mirror Armor VIII Reflects any stat-lowering effects.
48%
Stalwart VIII Ignores moves and abilities that draw in moves.
48%
Steelworker VII Powers up Steel-type moves.
48%
Tangling Hair VII Contact with the Pokémon lowers the attacker's Speed stat.
48%
Toxic Chain IX May cause bad poisoning.
48%
Transistor VIII Powers up Electric-type moves.
48%
Victory Star V Boosts the accuracy of its allies and itself.
48%
Water Compaction VII Sharply raises Defense when hit by a Water-type move.
48%
Cud Chew IX Can eat the same Berry twice.
45%
Embody Aspect IX Boosts Attack/Defense/Sp. Def/Speed depending on the form.
45%
Gorilla Tactics VIII Boosts the Pokémon's Attack stat but only allows the use of the first selected move.
45%
Grass Pelt VI Boosts the Defense stat in Grassy Terrain.
45%
Heatproof IV Weakens the power of Fire-type moves.
45%
Pickpocket V Steals an item when hit by another Pokémon.
45%
Shadow Shield VII Reduces damage when HP is full.
45%
Stakeout VII Deals double damage to Pokémon switching in.
45%
Suction Cups III Negates all moves that force switching out.
45%
Surge Surfer VII Doubles Speed during Electric Terrain.
45%
Vessel of Ruin IX Lowers Special Attack of all Pokémon except itself.
45%
Wandering Spirit VIII Swaps abilities with opponents on contact.
45%
Ice Scales VIII Halves damage from Special moves.
42%
Innards Out VII Deals damage upon fainting.
42%
Magma Armor III Prevents the Pokémon from becoming frozen.
42%
Mind's Eye IX Ignores opponent's Evasiveness, and allows Normal- and Fighting-type attacks to hit Ghosts.
42%
Rocky Payload IX Powers up Rock-type moves.
42%
Triage VII Gives priority to restorative moves.
42%
White Smoke III Prevents other Pokémon from lowering its stats.
42%
Wonder Skin V Makes status-changing moves more likely to miss.
42%
Zen Mode V Changes form when HP drops below half.
42%
Full Metal Body VII Prevents other Pokémon from lowering its stats.
39%
Power Spot VIII Just being next to the Pokémon powers up moves.
39%
Screen Cleaner VIII Nullifies effects of Light Screen, Reflect, and Aurora Veil.
39%
Shield Dust III Blocks the added effects of attacks taken.
39%
Shields Down VII Changes stats when HP drops below half.
39%
Soul-Heart VII Raises Special Attack when another Pokémon faints.
39%
Symbiosis VI The Pokémon can pass an item to an ally.
39%
Tablets of Ruin IX Lowers Attack of all Pokémon except itself.
39%
Teraform Zero IX Eliminates all effects of weather and terrain.
39%
Aroma Veil VI Protects allies from attacks that limit their move choices.
35%
Costar IX Copies ally's stat changes on entering battle.
35%
Gulp Missile VIII Returns with a catch in its mouth after using Surf or Dive.
35%
Power of Alchemy VII The Pokémon copies the Ability of a defeated ally.
35%
Receiver VII Inherits an ally's ability when it faints.
35%
Steely Spirit VIII Powers up ally Pokémon's Steel-type moves.
35%
Supreme Overlord IX Attack and Special Attack are boosted for each party Pokémon that has been defeated.
35%
Tera Shift IX Transforms into Terastal Form in battle.
35%
Thermal Exchange IX Raises Attack when hit by a Fire-type move. Cannot be burned.
35%
Guard Dog IX Boosts Attack if intimidated, and prevents being forced to switch out.
32%
Mimicry VIII Changes type depending on the terrain.
32%
Opportunist IX Copies stat boosts by the opponent.
32%
Power Construct VII Changes form when HP drops below half.
32%
Purifying Salt IX Protects from status conditions and halves damage from Ghost-type moves.
32%
Tera Shell IX Moves are not very effective when HP is full.
32%
Battery VII Raises power of teammates' Special moves.
29%
Curious Medicine VIII Resets all stat changes upon entering battlefield.
29%
Neuroforce VII Powers up moves that are super effective.
29%
Prism Armor VII Reduces damage from super-effective attacks.
29%
Quick Draw VIII If a Pokémon with this Ability selects a damaging move, it has a 30% chance of going first in its priority bracket
29%
Ripen VIII Doubles the effect of berries.
29%
Supersweet Syrup IX Lowers opponent's Evasiveness when entering battle.
29%
Sweet Veil VI Prevents the Pokémon and allies from falling asleep.
29%
Pastel Veil VIII Prevents the Pokémon and its allies from being poisoned.
26%
Propeller Tail VIII Ignores moves and abilities that draw in moves.
13%
Cotton Down VIII Lowers foe's Speed when hit.
6%
No matching quizzes found
Score Distribution
Percent of People with Each Score
Percentile by Number Answered
Your Score History
You have not taken this quiz